Sálový futbal

Bibliographic Details
Other Authors: Sálový (iní)
Format: Article
Language:Slovak
PhysicalDescription:1 tab.
Subjects:

MARC

LEADER 00000nab a2200000 a 4500
001 vtls001026640
003 SK-MaSNL
005 20260305035112.0
008 040720e20000203xo 0 slo
035 |a SL5194 
040 |a SLLK  |b slo  |c SLLK  |e AACR2 
041 0 |a slo 
044 |a xo  |c SK 
080 |a 796.33  |2 1981 
245 0 0 |a Sálový futbal 
300 |b 1 tab. 
650 0 7 |a futsal  |2 SLLK  |9 30002 
650 0 7 |a liga okresná  |2 SLLK  |9 1022449 
650 0 7 |a tabuľky  |2 SLLK  |9 87272 
651 7 |a Stará Ľubovňa (Slovensko : okres)  |2 SLLK  |9 19196 
651 7 |a SL,  |2 SLLK  |9 1022390 
655 7 |a periodikum  |2 snkbucl  |9 29553 
700 0 |a Sálový  |4 iní  |9 1617402 
773 0 8 |t Ľubovnianske noviny  |g Roč. 26, č.4, 3.2.2000, s. 4 
852 |a ZVYKNI  |b KIS3GCP 
999 |c 3332049  |d 3333979